00363 2200157 4500001002100000005001500021035002000036245003200056100002100088300001200109260002800121082000800149084001400157020002200171990001200193INLIS00000000000176420250505031221 a0010-05250000561 aCemburu /cEidelweis Almira0 aEidelweis Almira a192 hlm aJakarta :bZettu,c2014 a813 a813 EID c a978-602-1298-14-5 a0754603